| 000 | 00916nab a22002537a 4500 | ||
|---|---|---|---|
| 003 | BR-BrBNA | ||
| 005 | 20240221151615.0 | ||
| 008 | 240221b bl.||||| |||| 00| 0 por d | ||
| 040 |
_aBR-BrBNA _bpor |
||
| 072 |
_aF01 ; F62 ; H01 _b0810 |
||
| 100 | _aGodoy, Sônia Maria de | ||
| 100 | _aTessarioli Neto, João (cons.) | ||
| 245 | _aMelão | ||
| 500 | _a2 ref.; 2 illus.; 1 table | ||
| 650 | _aMELÃO | ||
| 650 | _aFRUTA CUCURBITACEA | ||
| 650 | _aHORTALIÇA | ||
| 650 | _aACONDICIONAMENTO | ||
| 650 | _aCOLHEITA | ||
| 650 | _aARMAZENAMENTO | ||
| 773 | 0 |
_01330 _9275249 _dCampinas-SP Coordenadoria de Assistência Técnica Integral - CATI - Centro de Comunicação Rural e Treinamento - CECORT 1979. Data final de publicação em 1990 _o2023-437055 _tCasa da Agricultura (Brazil) _x0100-6541 _gv. 2(3) p. 10-12 (May-Jun 1980) _wBR2023002408 |
|
| 942 | _cAnalítica | ||
| 999 |
_c298558 _d298558 |
||